| 000 | 00337nam a2200121Ia 4500 | ||
|---|---|---|---|
| 008 | 190216s9999||||xx |||||||||||||| ||und|| | ||
| 100 | _a"Singh P R, Gupta D S & Bajpai K S" | ||
| 245 | 0 | _aExperimental Organic Chemistry | |
| 260 |
_bTata Mcgraw Hill Publishing Company Ltd _c1980 |
||
| 300 | _a267p | ||
| 650 | _aChemistry | ||
| 942 | _cBK | ||
| 999 |
_c2727 _d2727 |
||